[Event "DVM U16 2014"]
[Site "Magdeburg GER"]
[Date "2014.12.27"]
[Round "1"]
[White "Wanner, Lukas"]
[Black "Joeres, Stefan"]
[Result "1/2-1/2"]
[Termination "normal"]
[Board "6.3"]
[WhiteElo "1892"]
[BlackElo "1653"]
[WhiteTeam "SK Doppelbauer Kiel"]
[BlackTeam "Karlsruher SF 1853"]
[PlyCount "129"]
[WhiteFideId "12918148"]
[BlackFideId "12983160"]
[EventCountry "GER"]
[EventRounds "7"]
[EventType "team-swiss"]
[EventDate "2014.12.26"]

1. d4 d5 2. Nf3 Bf5 3. c4 e6 4. Qb3 b6 5. Nc3 Nf6 6. Bg5 c6 7. e3 Nbd7 8. Ne5
Qc7 9. Bxf6 gxf6 10. Nxd7 Qxd7 11. cxd5 exd5 12. Ne2 Bd6 13. Ng3 Bxg3 14. hxg3
Qd6 15. Rc1 Rc8 16. Bd3 Bg6 17. Ke2 Ke7 18. f4 Be4 19. Bxe4 dxe4 20. Rh5 Qe6
21. Qxe6+ fxe6 22. Rch1 a5 23. Rxh7+ Rxh7 24. Rxh7+ Kd6 25. Rh1 f5 26. g4 fxg4
27. Rh4 Rg8 28. Rh5 g3 29. Re5 Rh8 30. Rxe4 Rh1 31. d5 cxd5 32. Rd4 e5 33.
fxe5+ Kxe5 34. Kf3 Re1 35. Rd3 b5 36. Kxg3 Re2 37. Rb3 b4 38. Kf3 Rd2 39. a3
bxa3 40. bxa3 Ra2 41. Rd3 a4 42. g4 Ra1 43. g5 Ra2 44. g6 Kf6 45. Rxd5 Rxa3 46.
Rd6+ Kg7 47. Ra6 Ra1 48. Ke4 Rg1 49. Kf5 Rf1+ 50. Ke5 Rg1 51. Rxa4 Rxg6 52. e4
Kf8 53. Ra7 Ke8 54. Kf5 Rc6 55. e5 Rb6 56. Ra8+ Ke7 57. Ra5 Ke8 58. e6 Rb1 59.
Ra4 Rf1+ 60. Rf4 Rxf4+ 61. Kxf4 Ke7 62. Ke5 Ke8 63. Kd6 Kd8 64. e7+ Ke8 65. Ke6
1/2-1/2

[Event "DVM U16 2014"]
[Site "Magdeburg GER"]
[Date "2014.12.27"]
[Round "1"]
[White "Sirbu, Nikita"]
[Black "Rieper, Julian"]
[Result "0-1"]
[Termination "normal"]
[Board "6.4"]
[WhiteElo "1473"]
[BlackElo "1711"]
[WhiteTeam "Karlsruher SF 1853"]
[BlackTeam "SK Doppelbauer Kiel"]
[PlyCount "72"]
[WhiteFideId "12946370"]
[BlackFideId "12936960"]
[EventCountry "GER"]
[EventRounds "7"]
[EventType "team-swiss"]
[EventDate "2014.12.26"]

1. d4 Nf6 2. c4 e6 3. Nf3 d5 4. e3 c6 5. Nc3 Bd6 6. Bd3 O-O 7. O-O Nbd7 8. cxd5
exd5 9. Qc2 Re8 10. Re1 h6 11. Bd2 Qc7 12. h3 a6 13. Na4 Ne4 14. Rac1 f5 15.
Nh4 Ndf6 16. Nc5 Kh7 17. Nxe4 dxe4 18. Bc4 g5 19. Nxf5 Bxf5 20. Bc3 Nd5 21. g4
Bg6 22. Qd2 Qe7 23. Bxd5 cxd5 24. Ba5 Rac8 25. Rxc8 Rxc8 26. Rc1 Qd7 27. Bb6 h5
28. Rxc8 Qxc8 29. Qe2 Qe6 30. Bd8 Kh6 31. a3 Bb8 32. Ba5 Be8 33. f3 Qd6 34.
fxe4 Qg3+ 35. Qg2 Qxe3+ 36. Kf1 Bb5+ 0-1

[Event "DVM U16 2014"]
[Site "Magdeburg GER"]
[Date "2014.12.27"]
[Round "1"]
[White "Thieu, Nguyen Gia Luat"]
[Black "Herzum, Peter"]
[Result "1-0"]
[Termination "normal"]
[Board "7.1"]
[WhiteElo "1677"]
[BlackElo "2024"]
[WhiteTeam "SK Lehrte"]
[BlackTeam "Düsseldorfer SK"]
[PlyCount "59"]
[WhiteFideId "12934321"]
[BlackFideId "12919217"]
[EventCountry "GER"]
[EventRounds "7"]
[EventType "team-swiss"]
[EventDate "2014.12.26"]

1. e4 c5 2. Nf3 d6 3. d4 cxd4 4. Nxd4 Nf6 5. Nc3 a6 6. f3 e5 7. Nb3 Be6 8. Bg5
Nbd7 9. Nd5 Bxd5 10. exd5 Be7 11. Be3 O-O 12. c4 Nh5 13. Qd2 f5 14. O-O-O f4
15. Bf2 b5 16. c5 Nxc5 17. Bxc5 dxc5 18. d6 Bf6 19. Nxc5 Kh8 20. Kb1 Qe8 21.
Bd3 g6 22. Be4 Rd8 23. d7 Qe7 24. Nb7 Ng7 25. Nxd8 Rxd8 26. Qd6 Nf5 27. Bxf5
gxf5 28. Qxe7 Bxe7 29. Rd5 Bf6 30. Rc1 1-0

[Event "DVM U16 2014"]
[Site "Magdeburg GER"]
[Date "2014.12.27"]
[Round "1"]
[White "Savchenko, Daniel"]
[Black "Heise, Tobias"]
[Result "1-0"]
[Termination "normal"]
[Board "7.2"]
[WhiteElo "1817"]
[BlackElo "1664"]
[WhiteTeam "Düsseldorfer SK"]
[BlackTeam "SK Lehrte"]
[PlyCount "57"]
[WhiteFideId "12919195"]
[BlackFideId "12949280"]
[EventCountry "GER"]
[EventRounds "7"]
[EventType "team-swiss"]
[EventDate "2014.12.26"]

1. e4 d5 2. exd5 Qxd5 3. Nc3 Qd6 4. d4 Nf6 5. Nf3 c6 6. Ne5 Bf5 7. Be2 e6 8.
O-O Qc7 9. Bd3 Bxd3 10. Qxd3 Nbd7 11. f4 Rd8 12. Kh1 Bd6 13. Qf3 Qb6 14. Ne2
O-O 15. c3 Rfe8 16. Be3 Bf8 17. Bg1 Nd5 18. b3 N7f6 19. g4 Re7 20. g5 Ne8 21.
f5 exf5 22. Qxf5 f6 23. Qf3 Nd6 24. c4 fxe5 25. dxe5 c5 26. exd6 Qxd6 27. Rad1
Qe6 28. Rxd5 Rxd5 29. Qxf8# 1-0

[Event "DVM U16 2014"]
[Site "Magdeburg GER"]
[Date "2014.12.27"]
[Round "1"]
[White "Klein, Florian"]
[Black "Kaplun, David"]
[Result "0-1"]
[Termination "normal"]
[Board "7.3"]
[WhiteElo "1661"]
[BlackElo "1939"]
[WhiteTeam "SK Lehrte"]
[BlackTeam "Düsseldorfer SK"]
[PlyCount "68"]
[WhiteFideId "12928810"]
[BlackFideId "12901954"]
[EventCountry "GER"]
[EventRounds "7"]
[EventType "team-swiss"]
[EventDate "2014.12.26"]

1. d4 d5 2. c4 e6 3. Nc3 Nf6 4. Bg5 Nbd7 5. e3 c6 6. Nf3 Qa5 7. a3 Ne4 8. Rc1
Nxg5 9. Nxg5 dxc4 10. Nf3 b5 11. Be2 Be7 12. O-O Bb7 13. e4 Nf6 14. Qc2 Rc8 15.
b3 cxb3 16. Qxb3 Qxa3 17. Qxa3 Bxa3 18. Ra1 b4 19. e5 Nd5 20. Nb1 Nf4 21. Bc4
O-O 22. Nxa3 bxa3 23. Rxa3 c5 24. Ba6 Bxa6 25. Rxa6 Ne2+ 26. Kh1 cxd4 27. Re1
d3 28. Rxa7 Rfd8 29. Rd1 Nc3 30. Rd2 Ne4 31. Raa2 Nxd2 32. Rxd2 Rc1+ 33. Ng1
Rc2 34. Rd1 d2 0-1

[Event "DVM U16 2014"]
[Site "Magdeburg GER"]
[Date "2014.12.27"]
[Round "1"]
[White "Lückerath, Moritz"]
[Black "Koepp, Jan"]
[Result "1/2-1/2"]
[Termination "normal"]
[Board "7.4"]
[WhiteElo "1713"]
[BlackElo "1581"]
[WhiteTeam "Düsseldorfer SK"]
[BlackTeam "SK Lehrte"]
[PlyCount "112"]
[WhiteFideId "12954810"]
[BlackFideId "12965090"]
[EventCountry "GER"]
[EventRounds "7"]
[EventType "team-swiss"]
[EventDate "2014.12.26"]

1. e4 c5 2. Nf3 Nc6 3. d4 cxd4 4. Nxd4 g6 5. Nc3 Bg7 6. Be3 Nf6 7. f3 Qb6 8.
Nf5 Qxb2 9. Na4 Qa3 10. Nxg7+ Kf8 11. Bh6 Qxa4 12. Nh5+ Kg8 13. Nxf6+ exf6 14.
Bd3 Qa5+ 15. Bd2 Qc5 16. h4 h6 17. Qc1 Kg7 18. f4 d5 19. Be3 Qb4+ 20. Bd2 Qe7
21. O-O dxe4 22. Be2 h5 23. Qb2 Qd8 24. Be3 Qc7 25. Rad1 Bg4 26. Bxg4 hxg4 27.
g3 Rhd8 28. Rxd8 Rxd8 29. Kg2 b6 30. f5 Qe7 31. fxg6 fxg6 32. Bg5 Rd6 33. Rh1
Qe5 34. Qxe5 Nxe5 35. Bf4 Rd5 36. h5 g5 37. h6+ Kh7 38. Bxe5 Rxe5 39. Kf2 e3+
40. Ke2 f5 41. Rh5 b5 42. Rxg5 Kxh6 43. Rg8 b4 44. Ra8 a5 45. Rc8 Kg6 46. Rc6+
Kf7 47. Ra6 Ke7 48. Rc6 Kd8 49. c3 Kd7 50. Rc4 Re4 51. Rxe4 fxe4 52. cxb4 axb4
53. Kxe3 Kc6 54. Kxe4 Kb5 55. Kd4 Ka4 56. Kc4 Ka5 1/2-1/2

[Event "DVM U16 2014"]
[Site "Magdeburg GER"]
[Date "2014.12.27"]
[Round "1"]
[White "Schulte, Felix"]
[Black "Bauer, Björn-Benny"]
[Result "0-1"]
[Termination "normal"]
[Board "8.1"]
[WhiteElo "1778"]
[BlackElo "1966"]
[WhiteTeam "USV Halle"]
[BlackTeam "SK Gau-Algesheim"]
[PlyCount "88"]
[WhiteFideId "12914800"]
[BlackFideId "24698741"]
[EventCountry "GER"]
[EventRounds "7"]
[EventType "team-swiss"]
[EventDate "2014.12.26"]

1. e4 c5 2. Nf3 g6 3. d4 cxd4 4. Nxd4 Nc6 5. Be3 Nf6 6. Nc3 Bg7 7. Bc4 Qa5 8.
O-O O-O 9. Bb3 d6 10. h3 Bd7 11. Qd2 Nxd4 12. Qxd4 Bc6 13. Qd3 Rac8 14. Bd2 Qh5
15. Rab1 Nd7 16. Nd5 Rfe8 17. Rfe1 Nc5 18. Qg3 Nxe4 19. Rxe4 Bxd5 20. Rh4 Qe2
21. Bxd5 Qxd2 22. Bb3 Rc5 23. c3 Re5 24. Qf3 d5 25. Rd1 Re1+ 26. Rxe1 Qxe1+ 27.
Kh2 e6 28. g3 Qd2 29. Rb4 b6 30. Ba4 Re7 31. Bb5 e5 32. Bc6 d4 33. Be4 Rc7 34.
Bd5 e4 35. Bxe4 dxc3 36. bxc3 Bxc3 37. Rb3 Bd4 38. Kg2 Qxa2 39. Bd5 Qa5 40. Ra3
Qb5 41. Rb3 Qc5 42. Qe4 Re7 43. Qf3 a5 44. Bc6 Re6 0-1

[Event "DVM U16 2014"]
[Site "Magdeburg GER"]
[Date "2014.12.27"]
[Round "1"]
[White "Grieb, Lukas"]
[Black "Kretzschmar, Arnd"]
[Result "1/2-1/2"]
[Termination "normal"]
[Board "8.2"]
[WhiteElo "1615"]
[BlackElo "1896"]
[WhiteTeam "SK Gau-Algesheim"]
[BlackTeam "USV Halle"]
[PlyCount "69"]
[WhiteFideId "1271993"]
[BlackFideId "12914835"]
[EventCountry "GER"]
[EventRounds "7"]
[EventType "team-swiss"]
[EventDate "2014.12.26"]

1. e4 c5 2. Nf3 d6 3. Bb5+ Bd7 4. Bxd7+ Nxd7 5. d4 cxd4 6. Nxd4 Ngf6 7. Nc3 g6
8. O-O Bg7 9. Be3 O-O 10. f4 a6 11. Nb3 b5 12. a3 Rc8 13. Qe1 Nb6 14. Bxb6
Qxb6+ 15. Kh1 a5 16. Qe2 b4 17. axb4 axb4 18. Na4 Qc6 19. e5 dxe5 20. fxe5 Nd7
21. e6 Qxe6 22. Qxe6 fxe6 23. Rxf8+ Kxf8 24. Rc1 Ra8 25. Rf1+ Ke8 26. Nac5 Nxc5
27. Nxc5 Bxb2 28. Nxe6 Ra1 29. Kg1 Rxf1+ 30. Kxf1 Kf7 31. Ng5+ Kg7 32. Ke2 h6
33. Ne4 Kf7 34. Kd3 Ke6 35. Kc4 1/2-1/2

[Event "DVM U16 2014"]
[Site "Magdeburg GER"]
[Date "2014.12.27"]
[Round "1"]
[White "Altstadt, Karl-Simon"]
[Black "Erlekam, Simon"]
[Result "1-0"]
[Termination "normal"]
[Board "8.3"]
[WhiteElo "1915"]
[BlackElo "1846"]
[WhiteTeam "USV Halle"]
[BlackTeam "SK Gau-Algesheim"]
[PlyCount "83"]
[WhiteFideId "24696676"]
[BlackFideId "12921416"]
[EventCountry "GER"]
[EventRounds "7"]
[EventType "team-swiss"]
[EventDate "2014.12.26"]

1. e4 c5 2. Nf3 Nc6 3. d4 cxd4 4. Nxd4 Nf6 5. Nc3 e5 6. Ndb5 d6 7. Bg5 a6 8.
Na3 Be7 9. Bxf6 gxf6 10. Nd5 f5 11. Nc4 O-O 12. Nxe7+ Qxe7 13. Qxd6 Qxd6 14.
Nxd6 fxe4 15. Nxe4 f5 16. Bc4+ Kg7 17. Nd6 Nd4 18. O-O-O b5 19. c3 Ne6 20. Nxc8
bxc4 21. Rd7+ Kh8 22. Nb6 Nc5 23. Rd5 Nd3+ 24. Rxd3 cxd3 25. Nxa8 Rxa8 26. Re1
e4 27. g4 fxg4 28. Rxe4 Rf8 29. Kd2 Rxf2+ 30. Kxd3 Rxb2 31. Rxg4 Rxa2 32. c4
Ra1 33. c5 Rd1+ 34. Kc4 h5 35. Rg5 h4 36. c6 h3 37. Kc5 Kh7 38. c7 Kh6 39. Rd5
Rc1+ 40. Kd6 Rc2 41. Rc5 Rxh2 42. c8=Q 1-0

[Event "DVM U16 2014"]
[Site "Magdeburg GER"]
[Date "2014.12.27"]
[Round "1"]
[White "Jusman, Jesse Samuel"]
[Black "Hartge, Gedeon"]
[Result "0-1"]
[Termination "normal"]
[Board "8.4"]
[WhiteElo "1253"]
[BlackElo "1889"]
[WhiteTeam "SK Gau-Algesheim"]
[BlackTeam "USV Halle"]
[PlyCount "54"]
[WhiteFideId "12926043"]
[BlackFideId "12932116"]
[EventCountry "GER"]
[EventRounds "7"]
[EventType "team-swiss"]
[EventDate "2014.12.26"]

1. e4 c5 2. Nf3 e6 3. d4 cxd4 4. Nxd4 a6 5. Nc3 Qc7 6. Be2 b5 7. Be3 Bb7 8. O-O
Nf6 9. Qd3 Be7 10. f4 d6 11. Bf3 Nbd7 12. Nb3 O-O 13. Rfe1 Rfd8 14. Rad1 Rac8
15. Bf2 b4 16. Ne2 Qxc2 17. Qxc2 Rxc2 18. Ned4 Rxb2 19. Rd2 Rxd2 20. Nxd2 Nc5
21. e5 dxe5 22. fxe5 Nd5 23. N4b3 Nd3 24. Rd1 Nc3 25. Rf1 Bxf3 26. Nxf3 Ne2+
27. Kh1 Nxf2+ 0-1

[Event "DVM U16 2014"]
[Site "Magdeburg GER"]
[Date "2014.12.27"]
[Round "1"]
[White "Engert, Marvin"]
[Black "Greßmann, Moritz"]
[Result "1/2-1/2"]
[Termination "normal"]
[Board "9.1"]
[WhiteElo "1689"]
[BlackElo "2019"]
[WhiteTeam "SG Turm Leipzig"]
[BlackTeam "BSV 63 Chemie Weißensee"]
[PlyCount "95"]
[WhiteFideId "12901164"]
[BlackFideId "24695084"]
[EventCountry "GER"]
[EventRounds "7"]
[EventType "team-swiss"]
[EventDate "2014.12.26"]

1. e4 e5 2. f4 exf4 3. Nf3 Be7 4. Bc4 Nf6 5. Nc3 O-O 6. O-O Nxe4 7. Nxe4 d5 8.
Bxd5 Qxd5 9. d3 Bf5 10. Bxf4 Bxe4 11. dxe4 Qxe4 12. Bxc7 Na6 13. Re1 Bc5+ 14.
Kh1 Qc6 15. Be5 Rad8 16. Qe2 Nb4 17. Rad1 Nd5 18. Bd4 Nf4 19. Qc4 Qg6 20. Nh4
Qg4 21. Qxc5 Ne6 22. Qf5 Rxd4 23. Qxg4 Rxg4 24. Nf5 Rb4 25. b3 g6 26. c3 Rb6
27. Ne7+ Kg7 28. Rd7 Rd8 29. Red1 Rxd7 30. Rxd7 Nf8 31. Rc7 Rd6 32. Kg1 Rd7 33.
Rxd7 Nxd7 34. Kf2 Kf6 35. Nc8 a6 36. Nd6 b6 37. Ke3 Ke6 38. Nc4 h6 39. Kf4 b5
40. Nd2 Kd5 41. Ne4 f5 42. Nf2 Nc5 43. g4 fxg4 44. Nxg4 b4 45. Ne3+ Ke6 46.
cxb4 Nd3+ 47. Ke4 Nxb4 48. a3 1/2-1/2

[Event "DVM U16 2014"]
[Site "Magdeburg GER"]
[Date "2014.12.27"]
[Round "1"]
[White "Donath, Johann"]
[Black "Storch, Domenic"]
[Result "1-0"]
[Termination "normal"]
[Board "9.2"]
[WhiteElo "2065"]
[BlackElo "1596"]
[WhiteTeam "BSV 63 Chemie Weißensee"]
[BlackTeam "SG Turm Leipzig"]
[PlyCount "69"]
[WhiteFideId "24685160"]
[BlackFideId "16200470"]
[EventCountry "GER"]
[EventRounds "7"]
[EventType "team-swiss"]
[EventDate "2014.12.26"]

1. e4 c5 2. c3 d5 3. exd5 Qxd5 4. d4 Nf6 5. Nf3 Bg4 6. dxc5 Qxc5 7. h3 Bh5 8.
Na3 e6 9. Qa4+ Nc6 10. Be3 Qd5 11. Nb5 Qd7 12. Rd1 Qc8 13. Nxa7 Nd5 14. Bb5
Nxe3 15. fxe3 Bxf3 16. gxf3 Qc7 17. Bxc6+ bxc6 18. Qxc6+ Qxc6 19. Nxc6 Bc5 20.
Ke2 O-O 21. Ra1 Ra6 22. Nd4 e5 23. Nc2 Rfa8 24. a3 f5 25. b4 Be7 26. c4 Kf7 27.
Rhd1 e4 28. fxe4 fxe4 29. c5 g5 30. Rd5 Ke6 31. Rad1 h5 32. h4 Rg8 33. hxg5
Rxg5 34. Rxg5 Bxg5 35. c6 1-0

[Event "DVM U16 2014"]
[Site "Magdeburg GER"]
[Date "2014.12.27"]
[Round "1"]
[White "Hummel, Felician"]
[Black "Fabiunke, Jakob"]
[Result "1/2-1/2"]
[Termination "normal"]
[Board "9.3"]
[WhiteElo "1627"]
[BlackElo "1757"]
[WhiteTeam "SG Turm Leipzig"]
[BlackTeam "BSV 63 Chemie Weißensee"]
[PlyCount "58"]
[WhiteFideId "16200489"]
[BlackFideId "24686085"]
[EventCountry "GER"]
[EventRounds "7"]
[EventType "team-swiss"]
[EventDate "2014.12.26"]

1. d4 Nf6 2. Nf3 e6 3. e3 b6 4. Bd3 Bb7 5. Nbd2 d5 6. Qe2 Be7 7. e4 dxe4 8.
Nxe4 Nbd7 9. Bd2 O-O 10. c3 c5 11. O-O-O cxd4 12. Nxd4 Nxe4 13. Bxe4 Bxe4 14.
Qxe4 Nc5 15. Qe2 Qd5 16. Kb1 Bf6 17. Qf3 Bxd4 18. Qxd5 exd5 19. cxd4 Ne4 20.
Be3 Rfe8 21. Rhe1 h6 22. Rc1 Rac8 23. Rxc8 Rxc8 24. Rc1 Rxc1+ 25. Kxc1 Kf8 26.
f3 Nd6 27. b3 Nf5 28. Bf2 Ke8 29. Kc2 Kd7 1/2-1/2

[Event "DVM U16 2014"]
[Site "Magdeburg GER"]
[Date "2014.12.27"]
[Round "1"]
[White "Henke, Georg"]
[Black "Buschmann, Johannes"]
[Result "0-1"]
[Termination "normal"]
[Board "9.4"]
[WhiteElo "1551"]
[BlackElo "1383"]
[WhiteTeam "BSV 63 Chemie Weißensee"]
[BlackTeam "SG Turm Leipzig"]
[PlyCount "133"]
[WhiteFideId "24693936"]
[BlackFideId "16200497"]
[EventCountry "GER"]
[EventRounds "7"]
[EventType "team-swiss"]
[EventDate "2014.12.26"]

1. e4 c6 2. d4 d5 3. exd5 cxd5 4. Bd3 Nc6 5. c3 Qc7 6. Nf3 Bg4 7. Nbd2 e6 8.
O-O Nf6 9. Re1 Bd6 10. Nf1 O-O 11. Ng3 h6 12. Be2 Rab8 13. Ne5 Bxe2 14. Qxe2 b5
15. Nh5 Nxh5 16. Qxh5 Ne7 17. Re3 Nf5 18. Re1 b4 19. Bd2 bxc3 20. bxc3 Rb2 21.
Red1 Bxe5 22. dxe5 Qxe5 23. Qf3 Qc7 24. Bc1 Rc2 25. Bd2 Rb8 26. Bf4 Nd6 27. Qg3
Rb6 28. Bxh6 g6 29. Qe5 Qxc3 30. Qxc3 Rxc3 31. Be3 Rb7 32. Rab1 Rxb1 33. Rxb1
Nf5 34. Bxa7 Ra3 35. Bb8 Rxa2 36. Be5 Ra8 37. Rb3 Rc8 38. g4 Ne7 39. Rh3 Kf8
40. Rh8+ Ng8 41. Bd6+ Kg7 42. Rh3 Rc6 43. Be5+ f6 44. Bb2 g5 45. Ra3 Rc7 46.
Ra6 e5 47. Rd6 d4 48. Bxd4 exd4 49. Rxd4 Kg6 50. f4 Rh7 51. f5+ Kf7 52. Rd7+
Ne7 53. Kg2 Rh8 54. Kg3 Ra8 55. Rd3 Ra4 56. Rf3 Ra1 57. Rf2 Rg1+ 58. Rg2 Rxg2+
59. Kxg2 Nc6 60. Kg3 Ne5 61. h4 gxh4+ 62. Kxh4 Kg7 63. Kg3 Kh6 64. Kf4 Nf7 65.
g5+ Nxg5 66. Kg4 Nf7 67. Kh4 0-1

[Event "DVM U16 2014"]
[Site "Magdeburg GER"]
[Date "2014.12.27"]
[Round "1"]
[White "Höglauer, Patrick"]
[Black "Mao, Yvonne"]
[Result "1-0"]
[Termination "normal"]
[Board "10.1"]
[WhiteElo "1992"]
[BlackElo "1544"]
[WhiteTeam "SV Backnang"]
[BlackTeam "SK 1980 Gernsheim"]
[PlyCount "83"]
[WhiteFideId "1270548"]
[BlackFideId "12942561"]
[EventCountry "GER"]
[EventRounds "7"]
[EventType "team-swiss"]
[EventDate "2014.12.26"]

1. d4 Nf6 2. c4 c5 3. d5 b5 4. Nf3 Qa5+ 5. Bd2 b4 6. Qc2 d6 7. e4 Nbd7 8. Bd3
g6 9. O-O Bg7 10. Qc1 Ng4 11. Be2 O-O 12. h3 Nge5 13. Nxe5 Bxe5 14. Bh6 Re8 15.
Nd2 Ba6 16. f4 Bh8 17. Bg4 Nf6 18. Bf3 Nd7 19. Kh1 Rab8 20. Qc2 Qc7 21. Rae1
Bd4 22. Bg4 Bc8 23. Nf3 Bh8 24. Ng5 Nb6 25. Bxc8 Rbxc8 26. e5 Bg7 27. Bxg7 Kxg7
28. f5 Rf8 29. fxg6 hxg6 30. Rxf7+ Rxf7 31. Ne6+ Kh7 32. Nxc7 Rxc7 33. exd6
exd6 34. Re6 Rg7 35. h4 Kh6 36. g4 Rc8 37. g5+ Kh7 38. h5 Rcg8 39. Qh2 Rd7 40.
hxg6+ Kg7 41. Qh7+ Kf8 42. Rf6+ 1-0

[Event "DVM U16 2014"]
[Site "Magdeburg GER"]
[Date "2014.12.27"]
[Round "1"]
[White "Müller, Tobias"]
[Black "Rausch, Adrian"]
[Result "1/2-1/2"]
[Termination "normal"]
[Board "10.2"]
[WhiteElo "1473"]
[BlackElo "1787"]
[WhiteTeam "SK 1980 Gernsheim"]
[BlackTeam "SV Backnang"]
[PlyCount "74"]
[WhiteFideId "12947334"]
[BlackFideId "12929069"]
[EventCountry "GER"]
[EventRounds "7"]
[EventType "team-swiss"]
[EventDate "2014.12.26"]

1. d4 d5 2. Nf3 Nf6 3. c4 c6 4. Nc3 dxc4 5. a4 Nd5 6. e3 Nxc3 7. bxc3 b5 8. Ne5
Qd5 9. Be2 Bf5 10. axb5 cxb5 11. Ra5 Nc6 12. Bf3 Be4 13. Rxb5 Qxb5 14. Bxe4 Rc8
15. Bxc6+ Rxc6 16. Nxc6 Qxc6 17. O-O e6 18. Qc2 Bd6 19. Qa2 O-O 20. Ba3 Qa4 21.
Ra1 Rb8 22. g3 Bc7 23. Bb4 Qxa2 24. Rxa2 Bb6 25. Ra6 h6 26. Kg2 Kh7 27. Kf3 Kg6
28. Ke4 h5 29. Ra2 f5+ 30. Ke5 Kf7 31. Bc5 Rd8 32. Bxb6 Rd5+ 33. Kf4 axb6 34.
Rb2 b5 35. e4 fxe4 36. Kxe4 Kf6 37. f4 Ke7 1/2-1/2

[Event "DVM U16 2014"]
[Site "Magdeburg GER"]
[Date "2014.12.27"]
[Round "1"]
[White "Soos, Philipp"]
[Black "Le, Kim Anh"]
[Result "0-1"]
[Termination "normal"]
[Board "10.3"]
[WhiteElo "1700"]
[BlackElo "1269"]
[WhiteTeam "SV Backnang"]
[BlackTeam "SK 1980 Gernsheim"]
[PlyCount "86"]
[WhiteFideId "12943967"]
[BlackFideId "12947342"]
[EventCountry "GER"]
[EventRounds "7"]
[EventType "team-swiss"]
[EventDate "2014.12.26"]

1. e4 c5 2. Nf3 e6 3. d4 cxd4 4. Nxd4 a6 5. Nc3 Qc7 6. a3 b5 7. Bd3 Bb7 8. Be3
Nf6 9. O-O d6 10. Re1 Nbd7 11. Rc1 Nc5 12. Bg5 Be7 13. b4 Ncd7 14. Na2 Ne5 15.
f4 Qb6 16. Kh1 Neg4 17. Qd2 O-O 18. h3 Qxd4 19. hxg4 Nxg4 20. Bxe7 Nf2+ 21. Kh2
Bxe4 22. Bxf8 Rxf8 23. Re2 Ng4+ 24. Kg3 Nf6 25. Nc3 Bxd3 26. Qxd3 Nh5+ 27. Kh2
Qxf4+ 28. g3 Qxc1 29. Ne4 Qh6 30. Kg2 Qg6 31. Qxd6 f5 32. Rf2 f4 33. Kf1 Qxe4
34. Kg1 Qe1+ 35. Kg2 f3+ 36. Kh3 Qxf2 37. Qxe6+ Kh8 38. Kh4 Qxg3+ 39. Kxh5 g6+
40. Qxg6 Qxg6+ 41. Kh4 Rf4+ 42. Kh3 Qg4+ 43. Kh2 Qg2# 0-1

[Event "DVM U16 2014"]
[Site "Magdeburg GER"]
[Date "2014.12.27"]
[Round "1"]
[White "Rothermel, Henrik"]
[Black "Zouani, Samir"]
[Result "0-1"]
[Termination "normal"]
[Board "10.4"]
[WhiteElo "1447"]
[BlackElo "1597"]
[WhiteTeam "SK 1980 Gernsheim"]
[BlackTeam "SV Backnang"]
[PlyCount "82"]
[WhiteFideId "12947369"]
[BlackFideId "12946206"]
[EventCountry "GER"]
[EventRounds "7"]
[EventType "team-swiss"]
[EventDate "2014.12.26"]

1. e4 e5 2. Nf3 Nc6 3. Bc4 Bc5 4. d3 d6 5. Ng5 Nh6 6. h3 O-O 7. Nf3 Qf6 8. Bg5
Qg6 9. Qd2 Kh8 10. g4 f6 11. Nh4 Qxg5 12. Qxg5 fxg5 13. Nf5 Nxf5 14. gxf5 g6
15. fxg6 hxg6 16. Rh2 Nd4 17. Kd1 Nf3 18. Rg2 Bxh3 19. Rg3 g4 20. Ke2 Nd4+ 21.
Kd1 Rxf2 22. Nd2 Raf8 23. Rg1 Rxd2+ 24. Kxd2 Nf3+ 25. Kc3 Nxg1 26. Kb3 Rf1 27.
Rxf1 Bxf1 28. Be6 g3 29. Bg4 Be2 30. Bc8 b6 31. a3 g2 32. Kc4 Nf3 33. b4 g1=Q
34. Kd5 Qd4+ 35. Kc6 Bxb4 36. axb4 Qxb4 37. Be6 Qc5+ 38. Kb7 Nd4 39. Bd7 b5 40.
Kc8 Kg7 41. Kd8 Kf8 0-1

[Event "DVM U16 2014"]
[Site "Magdeburg GER"]
[Date "2014.12.27"]
[Round "2"]
[White "Kololli, Kevin"]
[Black "Beeck, Mats"]
[Result "1-0"]
[Termination "normal"]
[Board "1.1"]
[WhiteElo "2178"]
[BlackElo "2127"]
[WhiteTeam "Lübecker SV"]
[BlackTeam "SK Doppelbauer Kiel"]
[PlyCount "55"]
[WhiteFideId "12936863"]
[BlackFideId "12936944"]
[EventCountry "GER"]
[EventRounds "7"]
[EventType "team-swiss"]
[EventDate "2014.12.26"]

1. e4 c5 2. Ne2 d6 3. d4 cxd4 4. Nxd4 Nf6 5. Nc3 a6 6. Bc4 e6 7. Bb3 b5 8. Be3
Bb7 9. f4 Nbd7 10. O-O Rc8 11. Bxe6 fxe6 12. Nxe6 Qe7 13. f5 Ne5 14. Bd4 Rxc3
15. bxc3 Bxe4 16. a4 b4 17. cxb4 Bxf5 18. Nxf8 Bg4 19. Qd2 Rxf8 20. Bxe5 dxe5
21. Rae1 Nd7 22. Rxf8+ Kxf8 23. c4 a5 24. Qf2+ Qf7 25. bxa5 Qxf2+ 26. Kxf2 Be6
27. a6 Bxc4 28. a7 1-0

[Event "DVM U16 2014"]
[Site "Magdeburg GER"]
[Date "2014.12.27"]
[Round "2"]
[White "Pluska, Alexander"]
[Black "Kololli, Martin"]
[Result "0-1"]
[Termination "normal"]
[Board "1.2"]
[WhiteElo "1917"]
[BlackElo "2136"]
[WhiteTeam "SK Doppelbauer Kiel"]
[BlackTeam "Lübecker SV"]
[PlyCount "60"]
[WhiteFideId "12975141"]
[BlackFideId "12936910"]
[EventCountry "GER"]
[EventRounds "7"]
[EventType "team-swiss"]
[EventDate "2014.12.26"]

1. d4 Nf6 2. Bg5 Ne4 3. Bf4 d5 4. e3 e6 5. Bd3 Nd6 6. Nd2 Be7 7. c3 Nd7 8. Ngf3
Nf8 9. Qe2 Ng6 10. Bg3 b6 11. h4 Nf5 12. h5 Nxg3 13. fxg3 Nf8 14. Bb5+ Bd7 15.
Ne5 Bd6 16. Nxd7 Nxd7 17. Bc6 Rc8 18. O-O-O O-O 19. e4 dxe4 20. Rdf1 f5 21. Qc4
Qe7 22. Re1 Bxg3 23. Re3 Bd6 24. g4 Kh8 25. Qb5 a6 26. Qxa6 Nb8 27. Qb5 Nxc6
28. Qxc6 Qg5 29. Ree1 Bf4 30. Rd1 e3 0-1

[Event "DVM U16 2014"]
[Site "Magdeburg GER"]
[Date "2014.12.27"]
[Round "2"]
[White "Rieß, Alexander"]
[Black "Wanner, Lukas"]
[Result "1/2-1/2"]
[Termination "normal"]
[Board "1.3"]
[WhiteElo "1947"]
[BlackElo "1892"]
[WhiteClock "00:52:39"]
[BlackClock "00:23:37"]
[WhiteTeam "Lübecker SV"]
[BlackTeam "SK Doppelbauer Kiel"]
[PlyCount "50"]
[WhiteFideId "12953326"]
[BlackFideId "12918148"]
[EventCountry "GER"]
[EventRounds "7"]
[EventType "team-swiss"]
[EventDate "2014.12.26"]

1. d4 d5 2. c4 dxc4 3. Nf3 Nf6 4. e3 e6 5. Bxc4 c5 6. O-O a6 7. Qe2 b5 8. Bd3
Bb7 9. dxc5 Nc6 10. Rd1 Qc7 11. Nc3 Bxc5 12. Ne4 Be7 13. Bd2 O-O 14. Rac1 Qb6
15. Bc3 Nxe4 16. Bxe4 b4 17. Rd7 bxc3 18. Rxc3 Rad8 19. Bxc6 Rxd7 20. Bxd7 Bf6
21. Rc1 Rd8 22. Ba4 Qxb2 23. Qxb2 Bxb2 24. Rb1 Bxf3 25. gxf3 Bc3 1/2-1/2